| 000 | 01169nam0a22002891 4500 | ||
|---|---|---|---|
| 001 | rc\557349 | ||
| 005 | 20030616170348.7 | ||
| 035 | _a(NLR Aleph) 005792773 | ||
| 090 |
_a5214349 _c5214349 |
||
| 100 | _a20030616d1987 u |0rusy50 ca | ||
| 101 | 0 | _arus | |
| 102 | _aRU | ||
| 105 | _ay ||||||||| | ||
| 200 | 1 |
_aСостояние и пути совершенствования службы быта Узбекистана _e(Обзор) _fН.Т. Камбарова, И.Д. Коган, С.Т. Камбаров |
|
| 210 |
_aТашкент _cУзНИИНТИ _d1987 |
||
| 215 |
_a24 с. _d20 |
||
| 225 | 1 |
_aОбзорная информация _fНИИ НТИ и техн.-экон. исследован. Госплана УзССР |
|
| 300 | _aНа обл. авт. не указаны | ||
| 320 | _aБиблиогр.: с. 23-24 | ||
| 700 | 1 |
_aКамбарова _bН. Т. _gНаталья Турабаевна |
|
| 701 | 1 |
_aКоган _bИ. Д. _gИнна Давидовна |
|
| 701 | 1 |
_aКамбаров _bС. Т. _gСергей Торабаевич |
|
| 801 | 0 |
_aRU _bNLR _gpsbo |
|
| 801 | 1 |
_aRU _bELAR _2rusmarc |
|
| 852 |
_aNLR _j88-4/6541 |
||
| 942 | _cBOOK | ||
| 980 | _aNB | ||